Music Quiz

Random Music Quiz

Sabrina Carpenter tours setlists Quiz Stats

 Plays Quiz not verified by Sporcle

Challenge
Share
Tweet
Embed
Score 0/35 Timer 10:00
0 Plays Today
Hint Answer % Correct
The De-TourFeels Like Loneliness
97%
The De-TourShadows
97%
EVOLution TourThumbs
96.1%
The De-TourThumbs
95.5%
EVOLution TourShadows
94.5%
EVOLution TourMirage
93%
The De-TourMirage
92.5%
The De-TourCan't Blame a Girl for Trying
92.5%
The De-TourWhy
92.5%
The De-TourOn Purpose
92.5%
The De-TourSpace
91%
EVOLution TourOn Purpose
90.6%
EVOLution TourDon't Want It Back
88.3%
EVOLution TourFeels Like Loneliness
87.5%
EVOLution TourSpace
86.7%
The De-TourEyes Wide Open
86.6%
EVOLution TourEyes Wide Open
85.9%
EVOLution TourCan't Blame a Girl for Trying
84.4%
Hint Answer % Correct
EVOLution TourRun and Hide
83.6%
The De-TourSmoke and Fire
83.6%
The De-TourWe'll Be the Stars
83.6%
The De-TourAlone Together
83.6%
The De-TourRun and Hide
82.1%
EVOLution TourSmoke and Fire
82%
EVOLution TourNo Words
82%
The De-TourNo Words
80.6%
EVOLution TourAll We Have Is Love
78.9%
EVOLution TourWe'll Be the Stars
76.6%
The De-TourInto You (Ariana Grande cover)
76.1%
The De-TourAll We Have Is Love
74.6%
The De-TourHands
70.1%
The De-TourWildside
70.1%
EVOLution TourWildside
57.8%
EVOLution TourHeathens (twenty one pliots cover)
56.3%
EVOLution TourHotline Bling (Drake cover)
43%

You're not logged in!

Compare scores with friends on all Sporcle quizzes.
Join for Free
OR
Log In

You Might Also Like...

Show Comments

Extras

Created Feb 11, 2017ReportNominate
Tags:carpenter, evolution, Set List, tour

Top Quizzes Today


Score Distribution

Your Account Isn't Verified!

In order to create a playlist on Sporcle, you need to verify the email address you used during registration. Go to your Sporcle Settings to finish the process.

Report this User

Report this user for behavior that violates our Community Guidelines.

Details: